logo

Bir Sreshtho Munshi Abdur Rouf Library
Jhenaidah Cadet College

How I Mulyiplied My Income and Happiness in Selling / (Record no. 6238)

MARC details
000 -LEADER
fixed length control field 00591nam a2200229 a 4500
001 - CONTROL NUMBER
JCCL Control Number 6238
003 - CONTROL NUMBER IDENTIFIER
JCCL marc code BD-JhCC
005 - DATE AND TIME OF LATEST TRANSACTION
control field 20180322193831.0
008 - FIXED-LENGTH DATA ELEMENTS--GENERAL INFORMATION
fixed length control field 171025s1955 enk |||| || | 000 0 eng d
035 ## - SYSTEM CONTROL NUMBER
system control number (BD-JhCC)6238
040 ## - CATALOGING SOURCE
Original cataloging agency BD-JhCC
Modifying agency BD-JhCC
041 ## - LANGUAGE CODE
Language code of Book eng
082 ## - DEWEY DECIMAL CLASSIFICATION NUMBER
Classification number 658.8
Author mark and Year BET 1955
100 ## - MAIN ENTRY--PERSONAL NAME
Personal name Bettger, Frank
245 ## - TITLE STATEMENT
Title How I Mulyiplied My Income and Happiness in Selling /
Statement of responsibility, etc Frank Bettger
260 ## - PUBLICATION, DISTRIBUTION, ETC. (IMPRINT)
Place of publication, distribution, etc Tadworth :
Name of publisher, distributor, etc Worlds Work Ltd,
Date of publication, distribution, etc 1955.
300 ## - PHYSICAL DESCRIPTION
Pagination 315 p. :
Dimensions 19 cm.
650 ## - SUBJECT ADDED ENTRY--TOPICAL TERM
Topical term or geographic name as entry element Selling
650 ## - SUBJECT ADDED ENTRY--TOPICAL TERM
Topical term or geographic name as entry element Sales Personnel
942 ## - ADDED ENTRY ELEMENTS (KOHA)
Source of classification or shelving scheme Dewey Decimal Classification
Koha item type Books
Holdings
Source of classification or shelving scheme Damaged status Not for loan Home library Current library Shelving location Date of accession Total Checkouts Full call number Barcode Date last seen Copy number Koha item type
Dewey Decimal Classification     JCC Rouf Library JCC Rouf Library General Stacks 01/17/2018   658.8 BET 1955 7896 01/17/2018 C-1 Books
Dewey Decimal Classification     JCC Rouf Library JCC Rouf Library General Stacks 03/22/2018   658.8 BET 1955 11318 03/22/2018 C-2 Books

JCC Library | Contacts | JCC Home

Last Update on 23 September 2017
Copyright @ 2017-2020 JCC Rouf Library
Rouf Library, Jhenidah Cadet College (JCC), Bangladesh